Method of forcasting the yield of Brazilian rubber plant during seedling stage and the research of its theoretical foundation (Record no. 45368)

MARC details
000 -LEADER
fixed length control field 00546nam a2200181Ia 4500
100 ## - MAIN ENTRY--AUTHOR NAME
Personal name Zhongyu Zhou
245 #0 - TITLE STATEMENT
Title Method of forcasting the yield of Brazilian rubber plant during seedling stage and the research of its theoretical foundation
260 ## - PUBLICATION, DISTRIBUTION, ETC. (IMPRINT)
Name of publisher Chinese Journal of Tropical Crops
Year of publication 1982
300 ## - PHYSICAL DESCRIPTION
Number of Pages 16-Jan
650 ## - SUBJECT ADDED ENTRY--TOPICAL TERM
Topical Term Brazilian rubber
650 ## - SUBJECT ADDED ENTRY--TOPICAL TERM
Topical Term Seedling stage
650 ## - SUBJECT ADDED ENTRY--TOPICAL TERM
Topical Term Yield
700 ## - ADDED ENTRY--PERSONAL NAME
Personal name Qiyuan Guo
700 ## - ADDED ENTRY--PERSONAL NAME
Personal name Xiang Huang
700 ## - ADDED ENTRY--PERSONAL NAME
Personal name Xiehui Yuan
942 ## - ADDED ENTRY ELEMENTS (KOHA)
Koha item type Reprints
Holdings
Withdrawn status Lost status Damaged status Not for loan Home library Current library Shelving location Date acquired Serial Enumeration / chronology Accession Number Koha item type
      Reprints RRII Library RRII Library Botany 22/12/2021 Volume 3, Issue 2 P01129 Reprints